Un problema de geomorfología aplicada en la provincia de Corrientes. /
Guardado en:
| Autor Principal: | |
|---|---|
| Formato: | Libro |
| Idioma: | Spanish |
| Publicado: |
Universidad Nacional del Litoral, Rosario,
1963.
|
| Etiquetas: |
Agregar Etiqueta
Sin Etiquetas, Sea el primero en etiquetar este registro!
|
| LEADER | 00501nam a22001455a 4500 | ||
|---|---|---|---|
| 001 | EUN.um020712 | ||
| 003 | AR-BaUNS | ||
| 005 | 20050623122900.0 | ||
| 008 | 041125s1963####ag#a##########000#0#spa#d | ||
| 245 | 1 | 0 | |a Un problema de geomorfología aplicada en la provincia de Corrientes. / |c Eliseo Popolizio. |
| 260 | |b Universidad Nacional del Litoral, Rosario, |c 1963. | ||
| 300 | |a 42 p. : |b ilus. ; |c 27,5 cm. | ||
| 100 | 1 | |a Popolizio, Eliseo. | |
| 082 | 0 | 4 | |a 551.4 |
| 859 | |a Ar-BaUNS |b BIB. CENTRAL - Sector C |h 551.4 |i P815 |p 71404/975 | ||
